000 00679nam a2200205 a 4500
001 000015126
005 20240412074242.0
008 100201s2000 dr 001 j spa d
040 _aDO-SdBNP
_bspa
_cBNPHU
082 _aRD863.44
_bP438v
100 1 _aPerez Guante, Carlos
_98458
245 1 3 _aEl viaje de los Pereztroika /
_cCarlos Perez Guante.
260 _aSan Pedro de Macorís :
_bEditora 23,
_c2000.
300 _a147 p. ;
_c20 cm.
500 _aIncluye datos biográficos del autor en la contracubierta.
590 _aInventariado, 2020/MFF
650 0 _aCuentos dominicanos
_9176
650 0 _aLiteratura dominicana.
_967
910 _aValidado. Control de calidad MFF
999 _c14698
_d14698